[Event "Xtracon Grandmaster "]
[Site "Koge"]
[Date "2013.10.20"]
[Round "9"]
[White "Knudsen, Martin Mosgaard"]
[Black "Fransson, Pia"]
[Result "1/2-1/2"]
[WhiteElo "1683"]
[BlackElo "1558"]
[PlyCount "63"]
[EventDate "2013.10.14"]
[EventType "swiss"]
[EventRounds "9"]
[EventCountry "DEN"]
[Source "ChessBase"]
[SourceDate "2013.11.20"]

1. d4 Nf6 2. c4 g6 3. Nc3 Bg7 4. Nf3 O-O 5. e4 d6 6. Be2 c5 7. d5 e6 8. O-O Re8
9. Bg5 h6 10. Bh4 g5 11. Bg3 Nh5 12. Qc2 exd5 13. exd5 Na6 14. a3 Nc7 15. Rae1
a6 16. h3 Nxg3 17. fxg3 Bd7 18. Nd1 b5 19. b3 Rb8 20. Nd2 bxc4 21. Bxc4 Nb5 22.
a4 Na3 23. Qd3 Nxc4 24. Nxc4 Rxe1 25. Rxe1 Qf6 26. Kh2 Bf5 27. Qf3 Bc2 28. Qxf6
Bxf6 29. Nxd6 Bxb3 30. Ne3 Bxa4 31. Nef5 Bg7 32. Re7 1/2-1/2

[Event "Xtracon Grandmaster "]
[Site "Koge"]
[Date "2013.10.20"]
[Round "9"]
[White "Kokholm, Daniel"]
[Black "Jorgensen, Rasmus"]
[Result "1-0"]
[WhiteElo "1905"]
[BlackElo "2062"]
[PlyCount "100"]
[EventDate "2013.10.14"]
[EventType "swiss"]
[EventRounds "9"]
[EventCountry "DEN"]
[Source "ChessBase"]
[SourceDate "2013.11.20"]

1. e4 g6 2. d4 Bg7 3. Nc3 d6 4. Be3 a6 5. Nf3 b5 6. Bd3 Bb7 7. O-O Nd7 8. a4 b4
9. Ne2 Ngf6 10. Ng3 h5 11. Bg5 c5 12. c3 Rc8 13. cxb4 cxd4 14. a5 Ne5 15. Nxe5
dxe5 16. f3 h4 17. Ne2 h3 18. g3 O-O 19. g4 Qd6 20. Qe1 Nh7 21. Bd2 Bf6 22. Qg3
Ng5 23. Rac1 Kg7 24. Rxc8 Rxc8 25. Rc1 Rh8 26. Rc4 Bc6 27. Rc2 Bd7 28. Rc5 Bb5
29. Bxb5 axb5 30. Bxg5 Bxg5 31. Qxe5+ Qxe5 32. Rxe5 Be3+ 33. Kf1 d3 34. Nc3 e6
35. Rxb5 Bf4 36. Kg1 Rd8 37. a6 d2 38. Nd1 Bb8 39. Rb7 Rc8 40. Rd7 Bf4 41. Nc3
Kf6 42. b5 Ke5 43. Kf2 Bxh2 44. Rxd2 Bf4 45. Rd1 h2 46. b6 Rd8 47. Kg2 Rb8 48.
a7 Rxb6 49. a8=Q Rxb2+ 50. Kh1 Rd2 1-0

[Event "Xtracon Grandmaster "]
[Site "Koge"]
[Date "2013.10.20"]
[Round "9"]
[White "Korley, Kassa"]
[Black "Johansson, Alexander"]
[Result "1-0"]
[WhiteElo "2329"]
[BlackElo "2049"]
[PlyCount "37"]
[EventDate "2013.10.14"]
[EventType "swiss"]
[EventRounds "9"]
[EventCountry "DEN"]
[Source "ChessBase"]
[SourceDate "2013.11.20"]

1. d4 Nf6 2. c4 e6 3. g3 Bb4+ 4. Nd2 c5 5. a3 Bxd2+ 6. Qxd2 cxd4 7. Nf3 Nc6 8.
Nxd4 d5 9. Bg2 Ne5 10. cxd5 Nxd5 11. O-O O-O 12. b3 Ng6 13. Rd1 Nde7 14. Bb2 a6
15. Qc3 e5 16. Ne6 Qb6 17. Nxf8 Kxf8 18. Qc5 Qxc5 19. Rd8# 1-0

[Event "Xtracon Grandmaster "]
[Site "Koge"]
[Date "2013.10.20"]
[Round "9"]
[White "Lund, Silas"]
[Black "Prosviriakov, Vladimir"]
[Result "1-0"]
[WhiteElo "2416"]
[BlackElo "2300"]
[PlyCount "85"]
[EventDate "2013.10.14"]
[EventType "swiss"]
[EventRounds "9"]
[EventCountry "DEN"]
[Source "ChessBase"]
[SourceDate "2013.11.20"]

1. d4 d6 2. Nf3 g6 3. c4 Bg7 4. e4 Bg4 5. Be2 c5 6. d5 Na6 7. O-O Nc7 8. Nc3
Nf6 9. h3 Bxf3 10. Bxf3 O-O 11. Be3 a6 12. a4 Rb8 13. Be2 b6 14. Qd2 e6 15.
dxe6 fxe6 16. Rfd1 Nfe8 17. a5 Qe7 18. axb6 Rxb6 19. Rab1 Qf7 20. Bf3 Be5 21.
b3 Ng7 22. Na4 Rb7 23. Rf1 Nce8 24. b4 cxb4 25. Rxb4 Rxb4 26. Qxb4 Nf6 27. c5
d5 28. exd5 Nxd5 29. Bxd5 exd5 30. c6 Ne6 31. Nc5 Bd6 32. Qa5 Nc7 33. Nd7 Re8
34. Qa1 Re6 35. Qd4 Qf5 36. Bh6 Be5 37. Nxe5 Qxe5 38. Qxe5 Rxe5 39. Bf4 Re7 40.
Bd6 Rf7 41. Rb1 d4 42. Rb8+ Kg7 43. Bxc7 1-0

[Event "Xtracon Grandmaster "]
[Site "Koge"]
[Date "2013.10.20"]
[Round "9"]
[White "Malmqvist, Glenn"]
[Black "Hansen, Rasmus Agertoft"]
[Result "0-1"]
[WhiteElo "2102"]
[BlackElo "1940"]
[PlyCount "102"]
[EventDate "2013.10.14"]
[EventType "swiss"]
[EventRounds "9"]
[EventCountry "DEN"]
[Source "ChessBase"]
[SourceDate "2013.11.20"]

1. e4 e6 2. d4 d5 3. Nc3 Bb4 4. e5 c5 5. a3 Ba5 6. Bd2 Nc6 7. Nb5 Bc7 8. c3
Nge7 9. f4 Nf5 10. Nf3 cxd4 11. Nbxd4 Nce7 12. Bd3 Bb6 13. g4 Nxd4 14. cxd4 Nc6
15. Bc3 h5 16. Rg1 hxg4 17. Rxg4 g6 18. Qc2 Ne7 19. Bb4 Nf5 20. Bxf5 exf5 21.
Rg3 Qc7 22. Qd2 Qc4 23. Rc1 Qa6 24. Ng5 Bd7 25. Qg2 Bd8 26. Rh3 Rxh3 27. Qxh3
Be6 28. Rc3 Qb6 29. Qh6 Kd7 30. Qf8 Bxg5 31. Qxa8 Bh4+ 32. Kd2 Qxd4+ 33. Kc1
Qxf4+ 34. Kb1 Qe4+ 35. Rc2 Bd8 36. Qxb7+ Ke8 37. Qc6+ Bd7 38. Qd6 Qh1+ 39. Rc1
Qe4+ 40. Ka1 Be6 41. Re1 Qc4 42. Qc5 g5 43. Qxc4 dxc4 44. Kb1 f4 45. Bc5 a6 46.
Kc2 Bc7 47. Kc3 Ba5+ 48. Bb4 Bb6 49. Kd2 f3 50. Rf1 f2 51. Bc3 Bf5 0-1

[Event "Xtracon Grandmaster "]
[Site "Koge"]
[Date "2013.10.20"]
[Round "9"]
[White "Molvig, Henrik"]
[Black "Nielsen, Kai Gylling"]
[Result "1-0"]
[WhiteElo "2162"]
[BlackElo "1809"]
[PlyCount "45"]
[EventDate "2013.10.14"]
[EventType "swiss"]
[EventRounds "9"]
[EventCountry "DEN"]
[Source "ChessBase"]
[SourceDate "2013.11.20"]

1. d4 Nf6 2. c4 g6 3. Nc3 d5 4. cxd5 Nxd5 5. e4 Nxc3 6. bxc3 Bg7 7. Bc4 c5 8.
Be3 O-O 9. Ne2 cxd4 10. cxd4 a6 11. O-O b5 12. Bb3 Bb7 13. d5 Nd7 14. Rc1 Rc8
15. Qd2 Rxc1 16. Rxc1 Kh8 17. Nd4 Ne5 18. h3 Qa8 19. f4 Nd7 20. Rc7 Bc8 21. Nc6
Nf6 22. Ra7 Nxe4 23. Qb4 1-0

[Event "Xtracon Grandmaster "]
[Site "Koge"]
[Date "2013.10.20"]
[Round "9"]
[White "Molvig, Julius"]
[Black "Nielsen, Klaus"]
[Result "0-1"]
[WhiteElo "1893"]
[BlackElo "2092"]
[PlyCount "138"]
[EventDate "2013.10.14"]
[EventType "swiss"]
[EventRounds "9"]
[EventCountry "DEN"]
[Source "ChessBase"]
[SourceDate "2013.11.20"]

1. d4 d5 2. c4 e6 3. cxd5 exd5 4. Nc3 Be7 5. Nf3 Nf6 6. Bf4 c6 7. e3 O-O 8. Bd3
Re8 9. O-O Bg4 10. h3 Bh5 11. a3 Nbd7 12. b4 a6 13. Qe2 Bf8 14. Rfc1 Ne4 15.
Na4 g5 16. Bh2 g4 17. Ne5 Nxe5 18. Bxe5 Qh4 19. hxg4 Bxg4 20. Qc2 Re6 21. Bxe4
dxe4 22. Bf4 Rae8 23. Nc5 Bxc5 24. Qxc5 Rg6 25. Bg3 Qf6 26. a4 h5 27. Kh2 Bf5
28. Rg1 Rg4 29. Rgd1 Qg5 30. Kh1 Qg6 31. Qd6 Be6 32. Rg1 Kh7 33. Kh2 Rg8 34.
Rh1 Rh4+ 35. Kg1 Rxh1+ 36. Kxh1 h4 37. Qf4 hxg3 38. fxg3 Qh6+ 39. Kg1 Rg4 40.
Qxh6+ Kxh6 41. Kf2 Rg5 42. Rc1 Bb3 43. Ra1 Kg6 44. Ra3 Bc4 45. Ra1 Rf5+ 46. Kg1
a5 47. bxa5 Rxa5 48. Rb1 b5 49. axb5 cxb5 50. Kh2 Ra3 51. Re1 b4 52. Rb1 Rb3
53. Rc1 Rc3 54. Rb1 b3 55. Re1 b2 56. Rb1 Rb3 57. g4 Bd3 58. Rxb2 Rxb2 59. Kg3
Kg5 60. d5 Bf1 61. d6 Rxg2+ 62. Kh3 Rxg4+ 63. Kh2 Bb5 64. Kh3 Kh5 65. Kh2 Kh4
66. Kh1 Kg3 67. Kg1 Kf3+ 68. Kh2 Bd7 69. Kh1 Kf2 0-1

[Event "Xtracon Grandmaster "]
[Site "Koge"]
[Date "2013.10.20"]
[Round "9"]
[White "Nielsen, Bjorn"]
[Black "Jensen, Jens Amstrup"]
[Result "1/2-1/2"]
[WhiteElo "1431"]
[BlackElo "1646"]
[PlyCount "78"]
[EventDate "2013.10.14"]
[EventType "swiss"]
[EventRounds "9"]
[EventCountry "DEN"]
[Source "ChessBase"]
[SourceDate "2013.11.20"]

1. e4 c5 2. Nf3 Nc6 3. d4 cxd4 4. Nxd4 g6 5. Nxc6 bxc6 6. Nc3 Bg7 7. Bd2 e6 8.
Bd3 Ne7 9. O-O O-O 10. Rb1 d5 11. exd5 cxd5 12. b3 e5 13. a4 e4 14. Be2 f5 15.
Bc1 Bxc3 16. Bb2 Bxb2 17. Rxb2 d4 18. Re1 Nd5 19. Bc4 Be6 20. Qxd4 Nc7 21.
Bxe6+ Nxe6 22. Qc4 Kg7 23. Qxe6 Rf6 24. Qc4 Rc8 25. Qe2 Rd6 26. Rbb1 Rd2 27.
Qf1 Rcxc2 28. Red1 Qd4 29. Rxd2 Rxd2 30. h3 f4 31. b4 e3 32. Kh2 e2 33. Qc1 Rd1
34. Qc7+ Kh6 35. Qe7 Rxb1 36. Qh4+ Kg7 37. Qe7+ Kg8 38. Qe8+ Kg7 39. Qe7+ Kg8
1/2-1/2

[Event "Xtracon Grandmaster "]
[Site "Koge"]
[Date "2013.10.20"]
[Round "9"]
[White "Nielsen, Peter Heine"]
[Black "Hagen, Andreas Skytte"]
[Result "0-1"]
[WhiteElo "2649"]
[BlackElo "2421"]
[PlyCount "112"]
[EventDate "2013.10.14"]
[EventType "swiss"]
[EventRounds "9"]
[EventCountry "DEN"]
[Source "ChessBase"]
[SourceDate "2013.11.20"]

1. d4 d5 2. c4 e6 3. Nc3 Be7 4. cxd5 exd5 5. Bf4 c6 6. Qc2 Bd6 7. Bxd6 Qxd6 8.
e3 Qg6 9. Qxg6 hxg6 10. b4 a6 11. Na4 Nd7 12. Bd3 b5 13. Nc3 a5 14. Rb1 Nb6 15.
Nf3 Ne7 16. Ne5 Bf5 17. Bxf5 gxf5 18. Nd3 f6 19. Nc5 a4 20. f3 Kf7 21. Kf2 Rad8
22. h3 Nec8 23. Ne2 Nd6 24. g4 Nbc4 25. Ng3 Rde8 26. Rbe1 fxg4 27. hxg4 Rxh1
28. Nxh1 Rh8 29. Kg2 Nd2 30. Nf2 N6c4 31. Re2 Re8 32. Nd1 Rh8 33. Nd3 Nf1 34.
Kg1 a3 35. Nf4 g5 36. Nh5 Nfd2 37. Kg2 Nb1 38. Ng3 Ra8 39. Nf5 Nb2 40. Re1 Nxd1
41. Rxd1 Nc3 42. Rd2 Ra4 43. Rc2 Nb1 44. Rxc6 Rxb4 45. e4 Rb2+ 46. Kg3 Nd2 47.
Rc1 dxe4 48. d5 Nc4 49. d6 Ke6 50. Rd1 Rd2 51. Rxd2 Nxd2 52. Nd4+ Kxd6 53.
Nxb5+ Ke5 54. Nxa3 exf3 55. Nc2 Ke4 56. a4 Kd3 0-1

[Event "Xtracon Grandmaster "]
[Site "Koge"]
[Date "2013.10.20"]
[Round "9"]
[White "Ottesen, Soren Rud"]
[Black "Gade, Jens"]
[Result "1-0"]
[WhiteElo "1757"]
[BlackElo "1619"]
[PlyCount "33"]
[EventDate "2013.10.14"]
[EventType "swiss"]
[EventRounds "9"]
[EventCountry "DEN"]
[Source "ChessBase"]
[SourceDate "2013.11.20"]

1. e4 c5 2. Nf3 d6 3. d4 cxd4 4. Nxd4 Nf6 5. Nc3 a6 6. Be3 e6 7. f3 Be7 8. Qd2
O-O 9. O-O-O Nc6 10. g4 Bd7 11. h4 Ne8 12. Kb1 Nxd4 13. Bxd4 Bxh4 14. f4 Be7
15. g5 Bc6 16. Qh2 f6 17. Qxh7+ 1-0

[Event "Xtracon Grandmaster "]
[Site "Koge"]
[Date "2013.10.20"]
[Round "9"]
[White "Pedersen, Hans Dahl"]
[Black "Jorgensen, Mikkel"]
[Result "1-0"]
[WhiteElo "2187"]
[BlackElo "1866"]
[PlyCount "63"]
[EventDate "2013.10.14"]
[EventType "swiss"]
[EventRounds "9"]
[EventCountry "DEN"]
[Source "ChessBase"]
[SourceDate "2013.11.20"]

1. c4 e5 2. g3 Nf6 3. Bg2 d6 4. Nc3 c6 5. d4 Nbd7 6. Nf3 Be7 7. O-O O-O 8. e3
Ne8 9. c5 exd4 10. cxd6 Nxd6 11. exd4 Nf6 12. Re1 Re8 13. Ne5 Be6 14. d5 cxd5
15. Nxd5 Nxd5 16. Bxd5 Bf6 17. Bf4 Qa5 18. Bxe6 Rxe6 19. Ng4 Qxe1+ 20. Qxe1
Rxe1+ 21. Rxe1 Ne8 22. b3 Bc3 23. Re7 b5 24. Ne5 Nf6 25. Rb7 Re8 26. Nxf7 Nd5
27. Nd6 Re1+ 28. Kg2 Nxf4+ 29. gxf4 h6 30. Nxb5 Bf6 31. Rxa7 Bh4 32. Nd4 1-0

[Event "Xtracon Grandmaster "]
[Site "Koge"]
[Date "2013.10.20"]
[Round "9"]
[White "Petersen, Henry"]
[Black "Norlander, Svante"]
[Result "0-1"]
[WhiteElo "1405"]
[BlackElo "1766"]
[PlyCount "96"]
[EventDate "2013.10.14"]
[EventType "swiss"]
[EventRounds "9"]
[EventCountry "DEN"]
[Source "ChessBase"]
[SourceDate "2013.11.20"]

1. e4 c6 2. d4 d5 3. e5 Bf5 4. Bd3 Bxd3 5. Qxd3 e6 6. Nf3 Qb6 7. b3 h6 8. Ba3
Bxa3 9. Nxa3 Qa5+ 10. b4 Qxb4+ 11. Ke2 b6 12. Rab1 Qe7 13. c4 h5 14. Rhc1 Nh6
15. cxd5 exd5 16. h3 g6 17. Nb5 O-O 18. Nd6 Kg7 19. Qd2 Rd8 20. Kd3 c5 21. dxc5
bxc5 22. Rxc5 Rxd6 23. exd6 Qe4+ 24. Kc3 Qxb1 25. Qxd5 Na6 26. Qxa8 Qb4+ 27.
Kc2 Qxc5+ 28. Kb2 Qxd6 29. Qxa7 Qb4+ 30. Kc2 Nc5 31. Qe7 Qc4+ 32. Kd1 Nd3 33.
Qe3 Nf5 34. Qd2 h4 35. Qc2 Qd5 36. Qc3+ f6 37. Qc7+ Kh6 38. Qc2 Nxf2+ 39. Ke1
Nd3+ 40. Ke2 Ng3+ 41. Ke3 Qe4+ 42. Kd2 Qe2+ 43. Kc3 Ne4+ 44. Kb3 Ndc5+ 45. Kb2
Qb5+ 46. Ka1 g5 47. Nd4 Qf1+ 48. Qb1 Qf2 0-1

[Event "Xtracon Grandmaster "]
[Site "Koge"]
[Date "2013.10.20"]
[Round "9"]
[White "Petrovski, Petruli"]
[Black "Smidt Nielsen, Henrik"]
[Result "1/2-1/2"]
[WhiteElo "1864"]
[BlackElo "1953"]
[PlyCount "35"]
[EventDate "2013.10.14"]
[EventType "swiss"]
[EventRounds "9"]
[EventCountry "DEN"]
[Source "ChessBase"]
[SourceDate "2013.11.20"]

1. Nf3 d6 2. d4 Nf6 3. Nc3 g6 4. e4 Bg7 5. h3 O-O 6. Be3 c6 7. a4 Nbd7 8. Bd3
e5 9. dxe5 Nxe5 10. Nxe5 dxe5 11. O-O Be6 12. Qf3 Nd7 13. Qg3 Qc7 14. Rfd1 Qa5
15. Bd2 Qb6 16. b3 Qc7 17. Be3 Qa5 18. Bd2 1/2-1/2

[Event "Xtracon Grandmaster "]
[Site "Koge"]
[Date "2013.10.20"]
[Round "9"]
[White "Pondal, Jesper"]
[Black "Elzubeir, Omar"]
[Result "1/2-1/2"]
[WhiteElo "2031"]
[BlackElo "1448"]
[PlyCount "109"]
[EventDate "2013.10.14"]
[EventType "swiss"]
[EventRounds "9"]
[EventCountry "DEN"]
[Source "ChessBase"]
[SourceDate "2013.11.20"]

1. d4 c5 2. c3 Nf6 3. Nf3 e6 4. Bf4 d5 5. e3 a6 6. Bd3 c4 7. Bc2 Qb6 8. Qc1
Nbd7 9. Nbd2 Be7 10. h3 Nh5 11. Bh2 Bd6 12. O-O Qc7 13. Qd1 Nhf6 14. Bxd6 Qxd6
15. e4 dxe4 16. Bxe4 Nxe4 17. Nxe4 Qc6 18. Re1 O-O 19. Qc2 h6 20. Rad1 Qd5 21.
Re3 f5 22. Ned2 b5 23. Rde1 Rf6 24. Ne5 Bb7 25. f3 h5 26. Qd1 g6 27. Qe2 Kg7
28. Nxd7 Qxd7 29. Rxe6 Rxe6 30. Qxe6 Qxe6 31. Rxe6 Kf7 32. Re5 Rd8 33. a3 Rd5
34. Rxd5 Bxd5 35. h4 Kf6 36. Kf2 g5 37. hxg5+ Kxg5 38. Nf1 h4 39. Ne3 Bb7 40.
Nc2 a5 41. a4 Bc6 42. axb5 Bxb5 43. Na3 Ba6 44. Ke3 a4 45. d5 Bb7 46. Nxc4 Bxd5
47. Na5 f4+ 48. Ke2 Kf5 49. c4 Ba8 50. c5 Bd5 51. Kf2 Ke6 52. Kg1 h3 53. gxh3
Bxf3 54. Nc4 Bc6 55. Nb6 1/2-1/2

[Event "Xtracon Grandmaster "]
[Site "Koge"]
[Date "2013.10.20"]
[Round "9"]
[White "Rendboe, John Filip"]
[Black "Christensen, Casper"]
[Result "1-0"]
[WhiteElo "2214"]
[BlackElo "1977"]
[PlyCount "43"]
[EventDate "2013.10.14"]
[EventType "swiss"]
[EventRounds "9"]
[EventCountry "DEN"]
[Source "ChessBase"]
[SourceDate "2013.11.20"]

1. d4 Nf6 2. c4 d6 3. Nf3 g6 4. Nc3 Bg7 5. e4 Bg4 6. Be2 Bxf3 7. Bxf3 Nbd7 8.
Be3 e5 9. d5 O-O 10. Qd2 Ne8 11. g4 c5 12. h4 a6 13. h5 Qa5 14. Be2 Nc7 15. Bh6
Rfb8 16. hxg6 hxg6 17. Bxg7 Kxg7 18. Qh6+ Kf6 19. Qh4+ Kg7 20. Qe7 Rd8 21. g5
Ne8 22. Rh7+ 1-0

[Event "Xtracon Grandmaster "]
[Site "Koge"]
[Date "2013.10.20"]
[Round "9"]
[White "Rendlev, Niels Moller"]
[Black "Christophersen, David"]
[Result "1-0"]
[WhiteElo "1818"]
[BlackElo "1811"]
[PlyCount "121"]
[EventDate "2013.10.14"]
[EventType "swiss"]
[EventRounds "9"]
[EventCountry "DEN"]
[Source "ChessBase"]
[SourceDate "2013.11.20"]

1. g3 e5 2. d3 Nf6 3. Bg2 d5 4. Nf3 Bd6 5. O-O h6 6. c4 d4 7. b4 Nbd7 8. c5 Be7
9. Qc2 O-O 10. Bb2 Re8 11. Nbd2 Nd5 12. a3 c6 13. Nc4 Bf8 14. Rfc1 a5 15. Nxa5
Nxc5 16. Nc4 Nd7 17. Qd2 N5b6 18. e3 Nxc4 19. dxc4 dxe3 20. Qxe3 Qc7 21. c5 Kh8
22. Re1 f6 23. Nh4 Nb8 24. Ng6+ Kg8 25. f4 Kf7 26. Nxf8 Kxf8 27. fxe5 Nd7 28.
e6 Ne5 29. Bxe5 Qxe5 30. Qxe5 fxe5 31. Rxe5 Rxe6 32. Rxe6 Bxe6 33. Kf2 Rd8 34.
Ke3 Bc4 35. Bf1 Bd5 36. Bd3 g5 37. a4 Kg7 38. b5 Ra8 39. b6 Bb3 40. a5 Re8+ 41.
Kd4 Bd5 42. a6 bxa6 43. Rxa6 Kf6 44. b7 Rb8 45. Ra7 Ke7 46. Ba6 Kd7 47. Ra8 Kc7
48. Ke5 Bf7 49. g4 Be8 50. Kf6 Bd7 51. Rxb8 Kxb8 52. h3 Be8 53. Kg7 h5 54. Kf6
hxg4 55. hxg4 Ka7 56. Kxg5 Bf7 57. Kf6 Bb3 58. g5 Ba4 59. g6 Bb5 60. Bxb5 cxb5
61. c6 1-0

[Event "Xtracon Grandmaster "]
[Site "Koge"]
[Date "2013.10.20"]
[Round "9"]
[White "Rosenkilde, Alexander"]
[Black "Ulibin, Mikhail"]
[Result "1-0"]
[WhiteElo "2238"]
[BlackElo "2523"]
[PlyCount "91"]
[EventDate "2013.10.14"]
[EventType "swiss"]
[EventRounds "9"]
[EventCountry "DEN"]
[Source "ChessBase"]
[SourceDate "2013.11.20"]

1. d4 e6 2. c4 f5 3. g3 Nf6 4. Bg2 d5 5. Nf3 Be7 6. O-O O-O 7. b3 b6 8. Bb2 Bb7
9. Nbd2 Ne4 10. Ne5 Nd7 11. Nd3 Bd6 12. b4 c6 13. c5 Bc7 14. Nf3 Ba6 15. cxb6
axb6 16. Qc2 Bc4 17. a4 Qe7 18. Bc3 Bd6 19. Rfb1 f4 20. a5 fxg3 21. hxg3 bxa5
22. bxa5 c5 23. Be1 Rfc8 24. Qa4 cxd4 25. Rb7 Rc7 26. Rxc7 Bxc7 27. Qc6 Ra7 28.
Nxd4 Nf8 29. Bxe4 Ra6 30. Qa4 Qf6 31. e3 Bd6 32. Nb4 dxe4 33. Nxa6 Bxa6 34. Qc6
Bxg3 35. Qxa6 Bb8 36. Qf1 Ng6 37. Rb1 Be5 38. Qh3 Bxd4 39. Rb8+ Kf7 40. Rb7+
Kg8 41. exd4 Nf4 42. Qg4 h5 43. Qxg7+ Qxg7+ 44. Rxg7+ Kxg7 45. a6 Nd5 46. Ba5
1-0

[Event "Xtracon Grandmaster "]
[Site "Koge"]
[Date "2013.10.20"]
[Round "9"]
[White "Semcesen, Daniel"]
[Black "Rozentalis, Eduardas"]
[Result "1/2-1/2"]
[WhiteElo "2490"]
[BlackElo "2616"]
[PlyCount "77"]
[EventDate "2013.10.14"]
[EventType "swiss"]
[EventRounds "9"]
[EventCountry "DEN"]
[Source "ChessBase"]
[SourceDate "2013.11.20"]

1. d4 Nf6 2. c4 e6 3. Nc3 Bb4 4. a3 Bxc3+ 5. bxc3 O-O 6. f3 Ne8 7. e4 b6 8. Bd3
Ba6 9. Nh3 Nc6 10. O-O Na5 11. Qe2 Nb3 12. Rb1 Nxc1 13. Rbxc1 Qe7 14. f4 c5 15.
e5 f5 16. d5 exd5 17. cxd5 c4 18. d6 Qe6 19. Bc2 Nxd6 20. Ng5 Qe7 21. Rcd1 Nb5
22. Qxc4+ Kh8 23. Bd3 Rac8 24. Qb4 Rc5 25. Rfe1 h6 26. Nf3 Nc7 27. Bxa6 Nxa6
28. Qa4 Nb8 29. Qxa7 Rxc3 30. Rd6 Rxf3 31. gxf3 Qh4 32. Re2 Qxf4 33. Qxb6 Qxf3
34. Qe3 Qh5 35. e6 dxe6 36. Qxe6 Qg5+ 37. Kh1 Qf4 38. Rg2 Qf1+ 39. Rg1 1/2-1/2

[Event "Xtracon Grandmaster "]
[Site "Koge"]
[Date "2013.10.20"]
[Round "9"]
[White "Smith, Axel"]
[Black "Gleizerov, Evgeny"]
[Result "1/2-1/2"]
[WhiteElo "2460"]
[BlackElo "2545"]
[PlyCount "20"]
[EventDate "2013.10.14"]
[EventType "swiss"]
[EventRounds "9"]
[EventCountry "DEN"]
[Source "ChessBase"]
[SourceDate "2013.11.20"]

1. e4 e6 2. d4 d5 3. Nc3 Nf6 4. Bg5 Be7 5. e5 Nfd7 6. Bxe7 Qxe7 7. f4 O-O 8.
Nf3 c5 9. Qd2 Nc6 10. dxc5 Nxc5 1/2-1/2

[Event "Xtracon Grandmaster "]
[Site "Koge"]
[Date "2013.10.20"]
[Round "9"]
[White "Solodovnichenko, Yuri"]
[Black "Nilssen, John Arni"]
[Result "1-0"]
[WhiteElo "2583"]
[BlackElo "2360"]
[PlyCount "85"]
[EventDate "2013.10.14"]
[EventType "swiss"]
[EventRounds "9"]
[EventCountry "DEN"]
[Source "ChessBase"]
[SourceDate "2013.11.20"]

1. e4 c5 2. Nf3 Nc6 3. Bb5 g6 4. Bxc6 dxc6 5. d3 b6 6. Bd2 Bg7 7. Bc3 f6 8.
Nbd2 e5 9. a3 a5 10. Qb1 Nh6 11. b4 axb4 12. axb4 Rxa1 13. Bxa1 cxb4 14. Qxb4
Nf7 15. O-O Bd7 16. Rb1 b5 17. Bc3 Bf8 18. Qb3 Bd6 19. d4 Qe7 20. Ra1 O-O 21.
dxe5 fxe5 22. Bb2 Be6 23. Qc3 Rc8 24. Ra6 c5 25. Qa5 c4 26. Ra8 Rxa8 27. Qxa8+
Qf8 28. Qc6 Qb8 29. Bxe5 b4 30. Bf6 c3 31. Nb3 Bxb3 32. cxb3 Qc7 33. Qxc7 Bxc7
34. Ne1 Be5 35. Be7 Bd6 36. Bxd6 Nxd6 37. f3 Nb5 38. Nc2 Na3 39. Nxb4 Kf7 40.
Kf2 Nb1 41. Nc2 Nd2 42. b4 Nb3 43. Ke3 1-0

[Event "Xtracon Grandmaster "]
[Site "Koge"]
[Date "2013.10.20"]
[Round "9"]
[White "Stuhr, Peter Sebastian"]
[Black "Moller, Arne"]
[Result "1/2-1/2"]
[WhiteElo "1939"]
[BlackElo "1847"]
[PlyCount "106"]
[EventDate "2013.10.14"]
[EventType "swiss"]
[EventRounds "9"]
[EventCountry "DEN"]
[Source "ChessBase"]
[SourceDate "2013.11.20"]

1. e4 c5 2. Nc3 d6 3. f4 e6 4. Nf3 Nf6 5. Bb5+ Bd7 6. Bc4 Bc6 7. Qe2 Be7 8. d3
d5 9. Bb3 d4 10. Nd1 Nbd7 11. Bd2 h6 12. c3 Qb6 13. Qf2 O-O-O 14. cxd4 cxd4 15.
Qxd4 Nc5 16. Qc3 Rxd3 17. Qa5 Qxa5 18. Bxa5 Nxb3 19. axb3 Nxe4 20. Ne5 Rxb3 21.
Rc1 Bb4+ 22. Bxb4 Rxb4 23. Nxc6 bxc6 24. Rxc6+ Kb7 25. Rc2 Rc8 26. Rxc8 Kxc8
27. Rf1 f5 28. Rf3 a5 29. Ra3 a4 30. g3 Kd7 31. Ke2 Ke7 32. Kd3 Kf6 33. Kc2 g5
34. fxg5+ hxg5 35. Nc3 Nc5 36. Ra1 f4 37. Rf1 Kf5 38. h3 e5 39. g4+ Ke6 40. Rd1
Rd4 41. Rf1 e4 42. h4 f3 43. hxg5 Kf7 44. Nxe4 Nxe4 45. Rxf3+ Kg6 46. Rd3 Rc4+
47. Kb1 Kxg5 48. Rd8 Kxg4 49. Rf8 Nd2+ 50. Ka2 Nb3 51. Ka3 Nc5 52. Rb8 Kf4 53.
Rb4 Rxb4 1/2-1/2

[Event "Xtracon Grandmaster "]
[Site "Koge"]
[Date "2013.10.20"]
[Round "9"]
[White "Svensson, Soren"]
[Black "Larsen, Preben R"]
[Result "1-0"]
[WhiteElo "2015"]
[BlackElo "1821"]
[PlyCount "64"]
[EventDate "2013.10.14"]
[EventType "swiss"]
[EventRounds "9"]
[EventCountry "DEN"]
[Source "ChessBase"]
[SourceDate "2013.11.20"]

1. d4 Nf6 2. c4 e6 3. Nf3 Bb4+ 4. Nbd2 c5 5. a3 Qa5 6. Rb1 Bxd2+ 7. Bxd2 Qc7 8.
Qc2 d6 9. g3 Nc6 10. e3 b6 11. Bg2 Bb7 12. O-O Ne7 13. Ne1 Rc8 14. Rc1 O-O 15.
b4 d5 16. bxc5 bxc5 17. cxd5 Ba6 18. dxc5 Nfxd5 19. Nd3 Rfd8 20. Rfd1 Bxd3 21.
Qxd3 Nf4 22. Qc4 Nxg2 23. Kxg2 Rd5 24. e4 Rdd8 25. Be3 Nc6 26. f4 Rb8 27. Qc3
h6 28. e5 Rxd1 29. Rxd1 Qb7 30. Kh3 Rd8 31. Rd6 Rb8 32. Qd2 Qa6 1-0

[Event "Xtracon Grandmaster "]
[Site "Koge"]
[Date "2013.10.20"]
[Round "9"]
[White "Wang, Peter"]
[Black "Vovk, Oksana"]
[Result "1/2-1/2"]
[WhiteElo "1941"]
[BlackElo "2132"]
[PlyCount "44"]
[EventDate "2013.10.14"]
[EventType "swiss"]
[EventRounds "9"]
[EventCountry "DEN"]
[Source "ChessBase"]
[SourceDate "2013.11.20"]

1. e4 e6 2. d4 d5 3. Nc3 Nf6 4. Bg5 Be7 5. e5 Nfd7 6. Bxe7 Qxe7 7. f4 a6 8. Qd2
c5 9. Nf3 Nc6 10. Ne2 cxd4 11. Nexd4 Nc5 12. Bd3 O-O 13. c3 Nxd3+ 14. Qxd3 f6
15. O-O fxe5 16. Nxe5 Nxe5 17. fxe5 Bd7 18. Qe3 b5 19. Rxf8+ Rxf8 20. Rf1 Rxf1+
21. Kxf1 b4 22. Kg1 Qc5 1/2-1/2